Józsi bácsi birodalma
Elmentve itt :
| Dokumentumtípus: | Cikk |
|---|---|
| Megjelent: |
1966-06-29
|
| Sorozat: | Délmagyarország
56 No. 152 |
| Kulcsszavak: | Kisstadion Újszeged 1966, sportlétesítmények |
| Online Access: | http://dmarchiv.bibl.u-szeged.hu/70132 |
| LEADER | 00427nab a2200145 i 4500 | ||
|---|---|---|---|
| 001 | delm70132 | ||
| 005 | 20180927153727.0 | ||
| 008 | 180927s1966 hu o 0|| hun d | ||
| 040 | |a SZTE Délmagyarország Archívum |b hun | ||
| 041 | |a hun | ||
| 245 | 0 | 0 | |a Józsi bácsi birodalma |h [elektronikus dokumentum] |
| 260 | |c 1966-06-29 | ||
| 300 | |a 6 | ||
| 490 | 0 | |a Délmagyarország |v 56 No. 152 | |
| 695 | |a Kisstadion Újszeged 1966, sportlétesítmények | ||